00346nam a2200109Ia 4500082001200000245002200012100002700034942002000061008004100081999001900122952009500141 aAF SMIT 0an Sirkel voltooi  a Smith, Bets 9108584 cBKyzCRON CRON210825s9999 xx 000 0 und d c496671d496670 00104070aEMTFLbEMTFLd2021-08-25g19.00l0p33228010454385r2021-08-25w2021-08-25yBK